الموسوعة الشاملة في القضاء الإداري / (Record no. 24777)
[ view plain ]
| 000 -الفاتح | |
|---|---|
| حقل البيانات ثابتة الطول | 01594nam a22002415a 4500 |
| 003 - محدد رقم الضبط | |
| رقم الضبط | OSt |
| 005 - وقت وتاريخ اخر تعامل مع التسجيلة | |
| رقم الضبط | 20170506120546.0 |
| 008 - عناصر البيانات ثابتة الطول - معلومات عامة | |
| حقل البيانات ثابتة الطول | 160822s2016 ua frbf f000 0 ara d |
| 015 ## - | |
| -- | 2000 / 18942 |
| 040 ## - مصدر الفهرسة | |
| وكالة الفهرسة الأصلية | EG-ScBUE |
| لغة الفهرسة | ara |
| وكالة النسخ | EG-ScBUE |
| 043 ## - رمز المنطقة الجغرافية | |
| رمز المنطقة الجغرافية | f-ua--- |
| 082 04 - رقم تصنيف ديوى العشرى | |
| رقم التصنيف | 342.6206 |
| رقم المادة | أ ب و |
| رقم الطبعة | 22 |
| 100 1# - المدخل الرئيسى - إسم شخصى | |
| الإسم الشخصى | أبو العينين، محمد ماهر. |
| 245 12 - بيان العنوان | |
| العنوان | الموسوعة الشاملة في القضاء الإداري / |
| بيان المسئوليه,etc | محمد ماهر أبو العينين. |
| 260 ## - PUBLICATION, DISTRIBUTION, ETC. (IMPRINT) | |
| مكان الناشر او الموزع | القاهرة : |
| اسم الناشر او الموزع | المركز القومي للإصدارات القانونية، |
| تاريخ النشر أو التوزيع | 2016. |
| 300 ## - الوصف المادى | |
| التعداد | 6 مج. ؛ |
| أبعاد الوعاء | 24 سم. |
| 504 ## - تبصرة ببليوجرافية | |
| تبصرة ببليوجرافية,الخ | يشتمل على إرجاعات ببليوجرافية. |
| 505 0# - تبصرة محتويات-الفهرس | |
| تبصرة المحتويات المصاغة | مج. 1. دعوى الإلغاء أما مجلس الدولة (أ)، أسباب وقف تنفيذ القرار الإداري -- مج. 2. دعوى الإلغاء أما مجلس الدولة (ب)، أسباب وقف تنفيذ القرار الإداري -- مج. 3. التعويض عن أعمال السلطات العامة -- مج. 4. الخصومة في الدعوى الإدارية، الإثبات أمام القاضي الإداري -- عمل هيئة المفوضين -- مج. 5. الدفوع أمام قضاء مجلس الدولة -- مج. 6. طرق الطعن في الأحكام وأسبابها وإجراءاتها، أسباب بطلان الأحكام ودوى البطلان الأصلية، ملحق الصيغ القانونية. |
| 650 #7 - المدخل الاضافى بالموضوع-مصطلح موضوعى | |
| مصطلح موضوعي أو اسم جغرافي كعنصر مدخل | القضاء الإداري |
| التقسيم الفرعي الجغرافي | مصر. |
| مصدر الرأس أو المصطلح | BUEsh |
| 9 (RLIN) | 40633 |
| 651 ## - المدخل الاضافى بالموضوع - اسم جغرافى | |
| مصدر الرأس أو المصطلح | BUEsh |
| 653 ## - مصطلح تكشيفى غير مقيد | |
| Resource For college | Law |
| Arrived date list | May2017 |
| 942 ## - عناصر المدخل الإضافي( كوها) | |
| مصدر التصنيف او مخطط الترفيف | Dewey Decimal Classification |
| حالة التراجع | حالة الفقد | مصدر التصنيف او خطة الترفيف | حالة تلف | ليس للاعارة | مجموعات كوها | المكان الدائم | المكان الحالي | موقع الترفيف | تاريخ الاكتساب | Source of acquisition | سعر الشراء الطبيعي | تعداد مسلسل / التسلسل الزمني | رقم الاستدعاء | الباركود | Date last seen | مُعار | التكلفة | نوع الوعاء | تبصرة عامة |
|---|---|---|---|---|---|---|---|---|---|---|---|---|---|---|---|---|---|---|---|
| Dewey Decimal Classification | Scientific_Group | Central Library | Central Library | First floor | 04/05/2017 | Purchase | 1000.00 | 666 | 342.6206 أ ب و | 000041790 | 25/11/2025 | 11/11/2023 | 1250.00 | Reference (NB) | مج. 1. | ||||
| Dewey Decimal Classification | Scientific_Group | Central Library | Central Library | First floor | 04/05/2017 | Purchase | 1000.00 | 666 | 342.6206 أ ب و | 000041791 | 15/07/2025 | 1250.00 | Reference (NB) | مج. 2. | |||||
| Dewey Decimal Classification | Scientific_Group | Central Library | Central Library | First floor | 04/05/2017 | Purchase | 1000.00 | 666 | 342.6206 أ ب و | 000041792 | 15/07/2025 | 1250.00 | Reference (NB) | مج. 3. | |||||
| Dewey Decimal Classification | Scientific_Group | Central Library | Central Library | First floor | 04/05/2017 | Purchase | 1000.00 | 666 | 342.6206 أ ب و | 000041793 | 15/07/2025 | 1250.00 | Reference (NB) | مج. 4. | |||||
| Dewey Decimal Classification | Scientific_Group | Central Library | Central Library | First floor | 04/05/2017 | Purchase | 1000.00 | 666 | 342.6206 أ ب و | 000041794 | 15/07/2025 | 03/12/2017 | 1250.00 | Reference (NB) | مج. 5. | ||||
| Dewey Decimal Classification | Scientific_Group | Central Library | Central Library | First floor | 04/05/2017 | Purchase | 1000.00 | 666 | 342.6206 أ ب و | 000041795 | 15/07/2025 | 1250.00 | Reference (NB) | مج. 6. |